000 00283nam a22001217a 4500
008 181030b xxu||||| |||| 00| 0 eng d
041 _aeng
080 _a910
100 _a45
101 _aArt
245 _aThe Hary Leteracy The Art History Of Leters
_cJAN.A
942 _2udc
_cBK
999 _c51083
_d51083